Handicrafts of the Arab World / (رقم التسجيلة. 92632)

تفاصيل مارك
000 -LEADER
fixed length control field 00479nam a22001817a 4500
005 - DATE AND TIME OF LATEST TRANSACTION
control field 20251108172942.0
008 - FIXED-LENGTH DATA ELEMENTS--GENERAL INFORMATION
fixed length control field 250721s1988 xx 000 0 ara d
082 14 - DEWEY DECIMAL CLASSIFICATION NUMBER
Classification number J/740.0956/HAN
100 1# - MAIN ENTRY--PERSONAL NAME
Personal name corke، philip
245 10 - TITLE STATEMENT
Title Handicrafts of the Arab World /
264 1# - PRODUCTION, PUBLICATION, DISTRIBUTION, MANUFACTURE, AND COPYRIGHT NOTICE
Place of production, publication, distribution, manufacture beirut :
Name of producer, publisher, distributor, manufacturer librairie du liban،
Date of production, publication, distribution, manufacture, or copyright notice 1988.
300 ## - PHYSICAL DESCRIPTION
Extent 32 P.
650 17 - SUBJECT ADDED ENTRY--TOPICAL TERM
Topical term or geographic name as entry element DRAWING
650 17 - SUBJECT ADDED ENTRY--TOPICAL TERM
Topical term or geographic name as entry element ISLAMIC HISTORY
653 ## - INDEX TERM--UNCONTROLLED
Uncontrolled term ناشاون صغار (10-14)سنه
942 ## - ADDED ENTRY ELEMENTS (KOHA)
Source of classification or shelving scheme Dewey Decimal Classification
Koha item type كتب
المقتنيات
حالة السحب حالة الفقدان مصدر التصنيف حالة التلف غير قابل للإعارة المكتبة الرئيسية المكتبة الحالية موقع الرف تاريخ التزويد الرقم المتسلسل Total Checkouts رقم الإستدعاء تاريخ آخر ظهور تاريخ الفاتورة نوع المادة (كوها) الباركود
    Dewey Decimal Classification     المكتبة المركزية المكتبة المركزية مقتنيات قسم التزويد 28/07/2025 1273760   J/740.0956/HAN 28/07/2025 28/07/2025 كتب  
    Dewey Decimal Classification     مكتبة الأميرة ايمان العامة مكتبة الأميرة ايمان العامة الأطفال 19/12/2013 1785.   J/740.0956/HAN 28/07/2025 19/12/2013 كتب PLD00290597
    Dewey Decimal Classification     مكتبة الأميرة سلمى مكتبة الأميرة سلمى الأطفال 17/03/2016 568697   J/740.0956/HAN 28/07/2025 17/03/2016 كتب PLD00380565
    Dewey Decimal Classification     مكتبة الراية الهاشمية للأطفال مكتبة الراية الهاشمية للأطفال الأطفال 11/05/2009 1273764   J/740.0956/HAN 28/07/2025 11/05/2009 كتب PLD00088448
    Dewey Decimal Classification     مكتبة الياسمين للأطفال مكتبة الياسمين للأطفال الأطفال 30/03/2014 557441   J/740.0956/HAN 28/07/2025 30/03/2014 كتب PLD00297216
    Dewey Decimal Classification     مكتبة حمزة العامة مكتبة حمزة العامة الأطفال 11/05/2009 1273763   J/740.0956/HAN 28/07/2025 11/05/2009 كتب PLD00088449
    Dewey Decimal Classification     مكتبة وادي السير العامة مكتبة وادي السير العامة الأطفال 17/05/2009 1273766   J/740.0956/HAN 28/07/2025 17/05/2009 كتب PLD00092080
    Dewey Decimal Classification     مكتبة ومركز فرح مكتبة ومركز فرح الأطفال 11/05/2009 1273765   J/740.0956/HAN 28/07/2025 11/05/2009 كتب PLD00088447
Implemented & Customized by: BBB with SCIT (Smart Chains for Information Technology)

Powered by Koha